000 00603nam a2200205 i 4500
001 64854
003 ES-MaACL
005 20250813062714.0
007 t|
008 040107s1977 sp ||||1| spa d
100 1 _aForster, E. M.
_951821
245 1 3 _aEl más largo viaje /
_cE.M. Forster ; [traductor, José Luis López Muñoz].
260 _a[Madrid] :
_bAlianza,
_c[1977]
300 _a316 p. ;
_c20 cm.
490 1 _aAlianza tres ;
_v34
700 1 _aLópez Muñoz, José Luis.
_973816
830 0 0 _aAlianza tres
_v34
_9177344
852 _aES-MaACL
_jL-7504
_bR.107551
999 _c64854
_d64854